Los misterios de Rosario /

Guardado en:
Autor Principal: Aira, César
Formato: Libro
Publicado: Buenos Aires : Emecé, 2005
Series:Cruz del Sur
Materias:
Etiquetas: Agregar Etiqueta
Sin Etiquetas, Sea el primero en etiquetar este registro!
LEADER 00568nam a22002055a 4500
001 CEM.cems013047
008 130507s2005##################000#0#####d
005 20251118160208.0
245 1 0 |a Los misterios de Rosario /  |c César Aira. 
260 |a Buenos Aires :  |b Emecé,  |c 2005 
300 |a 192 p. 
490 0 |a Cruz del Sur 
020 |a 9500426722 
100 1 |a Aira, César 
082 0 4 |a A863.4 
653 |a Literatura 
653 |a Literatura argentina 
653 |a Novelas 
653 |a Novela argentina 
859 |a CEMS  |b BIB. CEMS - 11 de abril  |h A863.4  |i Ai58-2  |p 25456.08  |t Ej.1